[Event "Arco op 45th"]
[Site "Arco"]
[Date "2023.10.14"]
[Round "8"]
[White "Wunderlich, Frank"]
[Black "Cortese, Lina"]
[Result "1/2-1/2"]
[WhiteElo "1770"]
[BlackElo "1545"]
[PlyCount "64"]
[EventDate "2023.10.07"]
[EventType "swiss"]
[EventRounds "9"]
[EventCountry "ITA"]
[SourceTitle "Mega2024 Update 01"]
[Source "Chessbase"]
[SourceDate "2023.11.12"]
[SourceVersion "1"]
[SourceVersionDate "2023.11.12"]
[SourceQuality "1"]

1. c4 e6 2. Nc3 f5 3. d3 c6 4. e4 fxe4 5. dxe4 d5 6. cxd5 exd5 7. exd5 Nf6 8. Bc4 cxd5 9. Nxd5 Nxd5 10. Qxd5 Qxd5 11. Bxd5 Bb4+ 12. Bd2 Bxd2+ 13. Kxd2 Ke7 14. Re1+ Kf6 15. Be4 Na6 16. Kc1 Nc5 17. Bc2 Be6 18. b4 Nd7 19. Nf3 Bxa2 20. Kb2 Bf7 21. Re4 g6 22. Rhe1 Rae8 23. Rf4+ Kg7 24. Rd1 Nb6 25. Rdd4 Re7 26. Ng5 Bd5 27. Be4 Bxe4 28. Rfxe4 Rhe8 29. f3 h6 30. Rxe7+ Rxe7 31. Ne4 Nd7 32. Rd6 Rf7 1/2-1/2

[Event "Walsrode Chessemy op-A"]
[Site "Walsrode"]
[Date "2023.03.11"]
[Round "8"]
[White "Weigand, Anton"]
[Black "Wunderlich, Frank"]
[Result "1/2-1/2"]
[WhiteElo "1989"]
[BlackElo "1762"]
[PlyCount "54"]
[EventDate "2023.03.04"]
[EventType "swiss"]
[EventRounds "9"]
[EventCountry "GER"]
[SourceTitle "CBM 213 Extra"]
[Source "ChessBase"]
[SourceDate "2023.05.31"]
[SourceVersion "1"]
[SourceVersionDate "2023.05.31"]
[SourceQuality "1"]

1. e4 e5 2. Nf3 Nc6 3. Bc4 Nf6 4. d3 Be7 5. Nc3 d6 6. a4 0-0 7. Bd2 a6 8. h3 Be6 9. Bxe6 fxe6 10. 0-0 Qd7 11. Re1 Rae8 12. Qb1 a5 13. Nb5 Bd8 14. Qa2 Nh5 15. c3 Qf7 16. d4 Qg6 17. Kh2 Nf4 18. Bxf4 Rxf4 19. Qb1 Ref8 20. Re3 exd4 21. Nbxd4 Nxd4 22. cxd4 Qh5 23. Qd3 g5 24. Kg1 g4 25. hxg4 Rxg4 26. Nh2 Rh4 27. Rh3 Rxh3 1/2-1/2

[Event "Walsrode Chessemy op-A"]
[Site "Walsrode"]
[Date "2023.03.06"]
[Round "3"]
[White "Wunderlich, Frank"]
[Black "Paashaus, Detlef"]
[Result "0-1"]
[WhiteElo "1762"]
[BlackElo "1953"]
[PlyCount "56"]
[EventDate "2023.03.04"]
[EventType "swiss"]
[EventRounds "9"]
[EventCountry "GER"]
[SourceTitle "CBM 213 Extra"]
[Source "ChessBase"]
[SourceDate "2023.05.31"]
[SourceVersion "1"]
[SourceVersionDate "2023.05.31"]
[SourceQuality "1"]

1. c4 e5 2. Nc3 d6 3. g3 c6 4. Bg2 f5 5. d3 Nf6 6. e3 Be6 7. Nge2 Be7 8. 0-0 0-0 9. b3 a5 10. Bb2 Nbd7 11. d4 e4 12. d5 Bf7 13. dxc6 bxc6 14. Nd4 Ne5 15. Nxf5 Bh5 16. Nxe7+ Qxe7 17. Qc2 Nf3+ 18. Kh1 Bg6 19. h3 Qe6 20. Ne2 Bf5 21. Bxf6 Qxf6 22. Qc3 Qh6 23. Ng1 Rf6 24. Nxf3 exf3 25. Bxf3 Bxh3 26. Bg2 Qh5 27. Qd4 Bxg2+ 28. Kxg2 Qf3+ 0-1

[Event "Rhein Main op-A 24th"]
[Site "Bad Homburg"]
[Date "2022.06.15"]
[Round "1"]
[White "Westenthanner, Paul"]
[Black "Wunderlich, Frank"]
[Result "1-0"]
[WhiteElo "2043"]
[BlackElo "1768"]
[PlyCount "75"]
[EventDate "2022.06.15"]
[EventType "swiss"]
[EventRounds "7"]
[EventCountry "GER"]
[SourceTitle "EXT 2023"]
[Source "ChessBase"]
[SourceDate "2022.10.05"]
[SourceVersion "1"]
[SourceVersionDate "2022.10.05"]
[SourceQuality "1"]

1. d4 d5 2. Nf3 Nf6 3. g3 Bf5 4. Bg2 e6 5. c4 c6 6. Nc3 Bd6 7. Qb3 Qc7 8. c5 Be7 9. Bf4 Qc8 10. Nh4 Bg4 11. h3 Bh5 12. g4 Bg6 13. Nxg6 hxg6 14. Rc1 0-0 15. 0-0 Nbd7 16. e4 dxe4 17. Bxe4 Nd5 18. Nxd5 exd5 19. Bg2 Re8 20. Qd3 Nf8 21. Be5 Qd7 22. b4 a6 23. a4 Bf6 24. f4 Be7 25. f5 gxf5 26. gxf5 Bg5 27. Bf4 Bxf4 28. Rxf4 Qe7 29. Kf2 Qg5 30. Qf3 Re4 31. Rxe4 dxe4 32. Qe3 Qxf5+ 33. Kg1 Rd8 34. Bxe4 Qf6 35. Rd1 g6 36. d5 cxd5 37. Bxd5 Kg7 38. Rf1 1-0

[Event "Arco op 41st"]
[Site "Arco"]
[Date "2019.10.10"]
[Round "7"]
[White "Wunderlich, Frank"]
[Black "Papa, Angelo"]
[Result "1-0"]
[WhiteElo "1822"]
[BlackElo "1683"]
[PlyCount "95"]
[EventDate "2019.10.04"]
[EventType "swiss"]
[EventRounds "9"]
[EventCountry "ITA"]
[SourceTitle "EXT 2020"]
[Source "ChessBase"]
[SourceDate "2019.10.17"]
[SourceVersion "1"]
[SourceVersionDate "2019.10.17"]
[SourceQuality "1"]

1. e4 g6 2. d4 Bg7 3. Nf3 d6 4. c3 Nf6 5. Bd3 0-0 6. 0-0 Nbd7 7. h3 e5 8. Bc2 b6 9. Bg5 h6 10. Bh4 g5 11. Bg3 Nh5 12. Bh2 Nf4 13. Bxf4 exf4 14. Re1 Bb7 15. Qd3 Qf6 16. e5 Qg6 17. Qxg6 fxg6 18. exd6 cxd6 19. Bxg6 Bd5 20. Nbd2 Nf6 21. Re7 Bf7 22. Bxf7+ Rxf7 23. Rxf7 Kxf7 24. Re1 Re8 25. Rxe8 Nxe8 26. Kf1 b5 27. Ke2 Ke6 28. Kd3 d5 29. b3 Nd6 30. Ne1 h5 31. f3 Nf5 32. b4 Ne3 33. Nb3 Bf6 34. Nc5+ Kd6 35. a4 bxa4 36. Nxa4 Kc6 37. g4 h4 38. Nb2 Kb5 39. Nc2 Nxc2 40. Kxc2 a5 41. bxa5 Kxa5 42. Kd3 Kb5 43. c4+ dxc4+ 44. Nxc4 Kc6 45. Ke4 Kd7 46. Ne5+ Kd6 47. Kf5 Bd8 48. Nf7+ 1-0

[Event "Arco op 41st"]
[Site "Arco"]
[Date "2019.10.09"]
[Round "6"]
[White "Bortolotti, Silvano"]
[Black "Wunderlich, Frank"]
[Result "1/2-1/2"]
[WhiteElo "1703"]
[BlackElo "1822"]
[PlyCount "56"]
[EventDate "2019.10.04"]
[EventType "swiss"]
[EventRounds "9"]
[EventCountry "ITA"]
[SourceTitle "EXT 2020"]
[Source "ChessBase"]
[SourceDate "2019.10.17"]
[SourceVersion "1"]
[SourceVersionDate "2019.10.17"]
[SourceQuality "1"]

1. e4 d6 2. f4 g6 3. Nf3 Bg7 4. Nc3 c5 5. Bc4 Nf6 6. 0-0 0-0 7. d3 Nc6 8. a4 a6 9. Kh1 Qc7 10. Qe1 Nd4 11. Nxd4 cxd4 12. Ne2 Nxe4 13. Nxd4 Nf6 14. Bd2 Bd7 15. Bc3 Rac8 16. Bb3 Bc6 17. Nxc6 bxc6 18. Qh4 d5 19. f5 Qd8 20. Rae1 c5 21. Be5 e6 22. fxg6 fxg6 23. Qh3 Rc6 24. c3 Rb6 25. Bd1 Nd7 26. Rxf8+ Nxf8 27. Bxg7 Kxg7 28. Re2 Qc7 1/2-1/2